Open Data Biblioteca Nacional de Portugal


República Portuguesa: Ministério da Cultura
Biblioteca Nacional de Portugal

Catálogo da BNP: acesso por Identificadores Unívocos
Registos Bibliográficos associados ao registo de autoridade

Etiqueta de registo: 00254nkm 2200109 450
001 2217097
003 http://id.bnportugal.gov.pt/bib/catbnp/2217097
100 ## $a20250611d1999 am y0pory01030103ba
101 0# $apor
102 ## $aPT
200 1# $aFutebol, Torneio Pascoa'99, inter-associações sub 12, Estádio Municipal Rafael Pedreira, Vila Nova de Cerveira, 30 e 31 de março$bVisual gráfico]$fA.F. Viana do Castelo$gdesign Atelier ruicunha
210 #9 $aViana do Castelo$cAssociação de Futebol de Viana do Castelo,$d1992$eViana do Castelo$gGutenberg)
215 ## $a1 cartaz$ccolor$d48x33 cm
675 ## $a796.33(469.111)"1992"(084.5)$vBN$zpor$31957513
675 ## $a766(=1:469)"199"(084.5)$vBN$zpor$3589138
710 02 $aAssociação de Futebol de Viana do Castelo$31957514
712 02 $aAtelier Ruicunha Design$4410$3216005
801 #0 $aPT$bBN$gRPC
966 ## $lBN$mICONOG$sCT. 8935 V.$x1
971 ## $cmferro$d20250611

Etiqueta de registo: 00000nkm 2200025 450
001 2247864
003 http://id.bnportugal.gov.pt/bib/catbnp/2247864
100 ## $a20260115d1998 m y0pory01030103ba
101 0# $apor
102 ## $aPT
200 1# $aVI(I) Torneio de Futebol 5, Associação de Futebol de Viana do Castelo, Polidesportivo da A.M. da Cova, 5 junho 1998$bVisual gráfico]
210 #9 $aViana do Castelo$cAssociação de Futebol de Viana do Castelo,$d[D.L. 1998]
215 ## $a1 cartaz$ccolor.$d49,8x29x8cm
675 ## $a766(=1:469)"199"(084.5)$vBN$zpor$31975740
710 02 $aAssociação de Futebol de Viana do Castelo$31957514
801 #0 $aPT$bBN$gRPC
966 ## $lBN$mICONOG$sCT. 11903 V.$x1
971 ## $cCaticonografia2$d20260115
995 ## $aPRR2026 $d20260115$iCaticonografia2

OpendataBNP@bnportugal.pt | Mais informação sobre acesso aos dados BNP